000 00943nam a22003017a 4500
001 5462
003 FISKH
005 20241212092402.0
008 241209b cb ||||| |||| 00| 0 eng d
020 _a9780531222430
040 _aFISKH
_beng
_cFISKH
_dFISKH
050 _aML3930.B39
082 _a782.42166
100 _aVenezia, Mike
245 _aThe beatles /
_cWritten and illustrated by Mike Venezia
260 _aNew York :
_bChildren's Press ;
_c2017.
300 _a34 pages :
_bcolor illustrations , maps ;
_c25 cm .
490 _aGetting to Know the World's Greatest Composers
505 _aU
520 _aTells the story of the world's most celebrated and influential rock group.
521 8 _a840
_bLexile
521 8 _aZ
_bRaz-Plus
650 _amusic history
_vNon-fiction
650 _arock and roll
_vNon-fiction
700 _aVenezia, Mike
_eillustrator
942 _2ddc
_cBK
_n0
999 _c5462
_d5462